LEADER 00984nam a2200205 i 4500 001 000000238891 003 CaOOAMICUS 005 20150217000000.0 008 150217s1700 it u000 u lat u 013 $a217796 026 $a95o. i-ro erm- curi (3) 1700 (R) 040 $aSeMil$bita 245 10$aTomus 2. 300 $a[8], 487, [21] p. 500 $aSegn. : a4 A-X12 Y2. - Fleuron di Ph. Vleugart di Bruxelles a c. X4r, cfr. Rahir, Les Elzevier, p. 455, n. 237 e p. 466. 773 0 $aPascal, Blaise <1623-1662>$tLudovici Montaltii Litterae provinciales, de morali & politica Jesuitarum disciplina. A Willelmo Wendrockio Salisburgensi theologo, e Gallica in Latinam linguam translatae; et theologicis notis illustratae, ..$dColoniae : Apud Nicolaum Schouten, 1700.$g2$w()31397 850 $aSeMil 852 $aSeMil$W1$xVenegono$y1$m3D I 143 FA$j189237$B189237$CSeMilBibl$Z2$F200038 $8I 961 $aRecupero: Mantegazza 996 $6245$aTomus 2$9(OLS)http://semarc/title/93022 LEADER 01009nam a2200241 i 4500 001 000000206351 003 CaOOAMICUS 005 20110930000000.0 008 110930s1941 it u000 u ita u 013 $a185120 040 $aSeMil$bita 100 1 $aHitler, Adolf,$d<1889-1945>.$0(OLS)http://semarc/name/39909 245 13$aLa mia vita /$cAdolf Hitler ; Prefazione di Adolf Hitler per l'edizione italiana. 250 $a10. ed. 260 $aMilano :$bValentino Bompiani,$ccopyr. 1941. 300 $a397 p., [1] p. di ritratto ;$c22 cm. 490 0 $aLibri scelti : panorama del nostro tempo ;$v48. 650 4$aHitler, Adolf <1889-1945> . Mein leben.$0(OLS)http://semarc/subject/38766 830 0$aLibri scelti ;$v48.$0(OLS)http://semarc/title/23497 850 $aSeMil 852 $aSeMil$W1$xVenegono$y1$m3U IV 56$j156834$B156834$CSeMilBibl$Z2$F168067 $81 996 $6245$aLa mia vita$9(OLS)http://semarc/title/25890 996 $6260$aMilano :$bValentino Bompiani$9(OLS)http://semarc/publisher/32383 LEADER 01170nam a2200277 i 4500 001 000000107797 003 CaOOAMICUS 005 20080211000000.0 008 080211s1997 it u000 u ita u 013 $a80289 020 $a88-7610-634-0 040 $aSeMil$bita 100 1 $aMoia, Luciano,$d<1958- >.$0(OLS)http://semarc/name/21964 245 10$aFederalisti di Dio? :$bincontri e scontri tra Chiesa e Lega /$cLuciano Moia. 260 $aMilano :$bĀncora,$ccopyr. 1997. 300 $a137 p. ;$c21 cm. 500 $aContiene : Bibliografia. 650 4$aChiesa e societā - Italia.$0(OLS)http://semarc/subject/18971 650 4$aFederalismo - Italia.$0(OLS)http://semarc/subject/18680 650 4$aLega Nord - Chiesa.$0(OLS)http://semarc/subject/18972 850 $aSeMil 852 $aSeMil$W1$xVenegono$y1$m3N III 574$j63893$B63893$CSeMilBibl$Z2$F133684 $81 961 $aOmaggio: Altro 996 $6020$a88-7610-634-0$9(OLS)http://semarc/number/88811 996 $6245$aFederalisti di Dio? :$bincontri e scontri tra Chiesa e Lega$9(OLS)http://semarc/title/156442 996 $6260$aMilano :$bĀncora$9(OLS)http://semarc/publisher/29763